00275nam a2200121Ia 45000030006000000080041000060400015000471000018000622450035000802600009001155460012001240050017001360STCL150530s9999 xx 000 0 und d aSTCLcSTCL aSudheer, S.V. aTourism problems and prospects c1993 aEnglish20220125165600.0